| 000 | 01205nam a22002177a 4500 | ||
|---|---|---|---|
| 999 |
_c3952 _d3952 |
||
| 005 | 20241126105602.0 | ||
| 008 | 241126b ||||| |||| 00| 0 eng d | ||
| 020 | _a9781783125081 | ||
| 040 | _cKH8 | ||
| 082 | _a919.904 STU | ||
| 100 |
_aStuart, Colin _eAuthor |
||
| 245 |
_aGo on a mission to mars : _ban explorer's guide to space travel and the Red Planet / _cColin Stuart |
||
| 260 |
_aLondon, _bCarlton Kids, _c2019 |
||
| 300 |
_a45 pages : _b color illustrations ; _c27 cm |
||
| 520 | _a"Co-ordinates for a mission to Mars have been locked into your navigation computer. But there are a few things you need to know before getting there. Are you ready for the seven-month journey and the astr onaut training program? The space food served on the rocket is hardly award-winning. Even when you arrive at your destination, the planet itself will not seem welcoming with its epic dust storms and its freezing winter temperatures. But the sunsets will be spectacular and Earth is just a green and blue speck away"-- Provided by publisher | ||
| 521 | _aJuvenile works | ||
| 650 | _aExploration of outer space | ||
| 650 | _aMars (Planet) | ||
| 650 | _aHistory and Geography | ||
| 942 |
_2ddc _cNFIC |
||